00766nam a2200157Ia 4500008004100000100004000041245011800081245016200199260005300361260001800414300000800432650001500440856006100455999001900516952007300535170221s9999 xx 000 0 und d aKhasan Alimsultanovich Taimaskhanov aSubstantiation of Strategic Points for Efficient Functioning of Production Infrastructure of the Southern Region  cKhasan Alimsultanovich Taimaskhanov, Maula Abdurahkmanovich Betilgiriev, Lolita Musaevna Idigova, Magomed Shavalovich Mintsaev, Dena Karim-Sultanovich Bataev bInternational Review of Management and Marketing cNovember 2012 a1:2 xMarketing. uhttp://www.econjournals.com/index.php/irmm/issue/view/88 c310398d310398 001040aCLbCLd2017-02-21l0r2017-02-21 00:00:00w2017-02-21yFOJ